000
00298nam a2200121Ia 4500
008
230907s9999||||xx |||||||||||||| ||und||
082
_a
530
_b
YOU
100
_a
Cutnell, John D.
_9
109384
245
0
_a
Cutnell & Johnson physics /
300
_a
volumes :
650
_a
Textbooks.
_9
8511
942
_c
BK
999
_c
601077
_d
601077